000 01904ntaaa2200505 4500
003 01
005 20251027203258.0
008 0714s1973 ag 01
040 _aAR-BaBN
_bspa
_cAR-BaBN
_eaacr
_dRIC
082 _a150.1952 F89o
100 _aSigmund, Freud
245 _aEl porvenir de las religiones /
_cSigmund Freud, Luis Lopez Ballesteros y de Torres
250 _a1ª ed.
260 _aMexico :
_bIztaccihuatl, S.A,
_cs.f
300 _a513p.
490 _aObras completas de Freud ;
_vXIV
505 _tEl porvenir de una ilusión
505 _tTécnica de la psicoanálisis
505 _tEl método psicoanalítico de Freud
505 _tSobre psicoterapia
505 _tEl porvenir de la terapia psicoanalítica
505 _tLa psicoanálisis "silvestre"
505 _tEl empleo de la interpretación de los sueños en la psicoanálisis
505 _tLa dinámica de la transferencia
505 _tConsejos al médico en el tratamiento psicoanalítico
505 _tLa "fausse reconnaissance" ( "dejá raconté" ) durante el análisis
505 _tLa iniciación del tratamiento
505 _tRecuerdos, repetición y elaboración
505 _tObservaciones sobre el "amor de transferencia"
505 _tLos caminos de la terapia psicoanalítica
505 _tPara la prehistoria de la técnica psicoanalítica
505 _tIntroducción al narcicismo
505 _tEnsayo
505 _tLos dos principios del suceder psíquico
505 _tNeurosis y psicosis
505 _tEl final del complejo de Edipo
505 _tLa pérdida de realidad en la neurosis y en al psicosis
505 _tEl "block maravilloso"
505 _tUna experiencia religiosa
650 _aPSICOLOGIA
_92648
650 _aPSICOANALISIS
_92743
650 _aSIGMUND FREUD
_97555
700 _aLopez Ballesteros y de Torres, Luis
_etraductor
_97556
942 _cBK
999 _c28257
_d28257